[Event "FICGS rapid E 000249 email"]
[Site "FICGS email"]
[Date "2023.04.16"]
[Round "1"]
[White "Forme, Vocihc"]
[Black "Jerez, Miriam"]
[Result "1-0"]
[WhiteElo "1500"]
[BlackElo "1142"]
[PlyCount "55"]
[EventDate "2023.??.??"]
[EventType "tourn (rapid)"]
[EventRounds "6"]
[SourceTitle "Corr 2024"]
[Source "ChessBase"]
[SourceDate "2023.10.19"]
[SourceVersion "1"]
[SourceVersionDate "2023.10.19"]
[SourceQuality "1"]

1. e4 e5 2. Nf3 Nc6 3. Bb5 Nge7 4. c3 a6 5. Ba4 b5 6. Bc2 Ng6 7. d4 exd4 8. cxd4 Be7 9. 0-0 0-0 10. Nc3 Bb7 11. Re1 Re8 12. Nd5 d6 13. Qd3 h6 14. Bd2 Bf6 15. a3 Bc8 16. Rac1 Bg4 17. Bb1 Bxf3 18. Rxc6 Bh5 19. Rec1 Ne7 20. Nxf6+ gxf6 21. Rxc7 Rc8 22. Rxc8 Nxc8 23. Qh3 Bg6 24. Qxh6 Bxe4 25. Bxe4 Rxe4 26. d5 Ne7 27. Qxf6 Re5 28. Bh6 1-0

[Event "FICGS rapid E 000249 email"]
[Site "FICGS email"]
[Date "2023.04.16"]
[Round "1"]
[White "Jerez, Miriam"]
[Black "Strohmeier, Josef"]
[Result "0-1"]
[WhiteElo "1142"]
[BlackElo "1348"]
[PlyCount "52"]
[EventDate "2023.??.??"]
[EventType "tourn (rapid)"]
[EventRounds "6"]
[SourceTitle "Corr 2024"]
[Source "ChessBase"]
[SourceDate "2023.10.19"]
[SourceVersion "1"]
[SourceVersionDate "2023.10.19"]
[SourceQuality "1"]

1. e4 c5 2. d4 cxd4 3. Qxd4 Nc6 4. g3 Nxd4 5. Bd3 d6 6. Nc3 a6 7. Nd5 e6 8. Nb4 d5 9. Rb1 Qb6 10. c3 Bxb4 11. cxb4 Qxb4+ 12. Bd2 Qd6 13. Bf4 e5 14. Be3 Nf6 15. h4 0-0 16. Ne2 Nf3+ 17. Kd1 dxe4 18. Nc1 exd3 19. Ra1 Bg4 20. Nb3 Nd4+ 21. Kd2 Qb4+ 22. Kxd3 Nxb3 23. axb3 Qxb3+ 24. Kd2 Rfd8+ 25. Kc1 Rac8+ 26. Kb1 Bf5# 0-1

[Event "FICGS theme 0255 email"]
[Site "FICGS email"]
[Date "2023.03.08"]
[Round "1"]
[White "Dyson, John"]
[Black "Jerez, Miriam"]
[Result "1-0"]
[WhiteElo "1966"]
[BlackElo "1142"]
[PlyCount "25"]
[EventDate "2023.??.??"]
[EventType "swiss (corr)"]
[EventRounds "1"]
[SourceTitle "Corr 2024"]
[Source "ChessBase"]
[SourceDate "2023.10.19"]
[SourceVersion "1"]
[SourceVersionDate "2023.10.19"]
[SourceQuality "1"]

1. d4 f5 2. Qd3 d5 3. g4 fxg4 4. Nc3 Nf6 5. Bg5 h6 6. Qg6+ Kd7 7. Bxf6 exf6 8. Qxg4+ Ke8 9. Qh5+ Ke7 10. Nxd5+ Ke6 11. c4 Nc6 12. Bh3+ Kd6 13. c5# 1-0

[Event "FICGS unrated 00065 email"]
[Site "FICGS email"]
[Date "2023.02.26"]
[Round "1"]
[White "Brand Lyard, Paul"]
[Black "Jerez, Miriam"]
[Result "0-1"]
[WhiteElo "1366"]
[BlackElo "1008"]
[PlyCount "112"]
[EventDate "2023.??.??"]
[EventType "swiss (corr)"]
[EventRounds "1"]
[SourceTitle "Corr 2024"]
[Source "ChessBase"]
[SourceDate "2023.10.19"]
[SourceVersion "1"]
[SourceVersionDate "2023.10.19"]
[SourceQuality "1"]

1. Nc3 d5 2. d4 Nf6 3. Bg5 h6 4. Bxf6 exf6 5. e3 Nc6 6. Bb5 Bd7 7. Bxc6 Bxc6 8. Nf3 Bb4 9. 0-0 0-0 10. a3 Ba5 11. b4 Bb6 12. a4 a5 13. bxa5 Bxa5 14. Ne2 Bb6 15. g3 Bxa4 16. Nc3 Bd7 17. Re1 c6 18. Rxa8 Qxa8 19. Qa1 Qxa1 20. Rxa1 Bc7 21. Ra7 Rb8 22. h4 Bb6 23. Ra3 Kh7 24. h5 g6 25. hxg6+ fxg6 26. Ne2 g5 27. Kg2 h5 28. Nh2 Kg6 29. f4 g4 30. c3 c5 31. dxc5 Bxc5 32. Ra5 b6 33. Ra7 Bc6 34. Ra1 d4+ 35. Kf1 dxe3 36. Ke1 Kf5 37. c4 Bb4+ 38. Kf1 Ke4 39. Ra7 Bc5 40. Nc3+ Kd3 41. Nb1 Kxc4 42. Rh7 Be8 43. Ke2 Bg6 44. Rg7 Bxb1 45. Rh7 Bxh7 46. Nf3 b5 47. Ne1 Rd8 48. Nc2 Bxc2 49. Kf1 Rd1+ 50. Ke2 Rd2+ 51. Ke1 Rh2 52. f5 Bb4+ 53. Kf1 Bd3+ 54. Kg1 Ra2 55. Kh1 e2 56. Kg2 e1Q# 0-1

[Event "FICGS no engines 126 email"]
[Site "FICGS email"]
[Date "2023.02.19"]
[Round "1"]
[White "Jerez, Miriam"]
[Black "Bennion, William"]
[Result "1-0"]
[WhiteElo "1008"]
[BlackElo "1972"]
[PlyCount "33"]
[EventDate "2023.??.??"]
[EventType "swiss (corr)"]
[EventRounds "1"]
[SourceTitle "Corr 2024"]
[Source "ChessBase"]
[SourceDate "2023.10.19"]
[SourceVersion "1"]
[SourceVersionDate "2023.10.19"]
[SourceQuality "1"]

1. e4 c5 2. g3 g6 3. Bg2 Nc6 4. Nf3 Bg7 5. Nc3 e6 6. 0-0 Nge7 7. d3 0-0 8. a4 d5 9. exd5 exd5 10. Re1 b6 11. b3 Bxc3 12. Bh6 Re8 13. Ne5 Nxe5 14. Rb1 Bxe1 15. Qxe1 Nf5 16. Be3 Nxe3 17. fxe3 1-0

[Event "FICGS rapid E 000247 email"]
[Site "FICGS email"]
[Date "2022.10.29"]
[Round "1"]
[White "Piantadosi, Angelo"]
[Black "Jerez, Miriam"]
[Result "1/2-1/2"]
[WhiteElo "1418"]
[BlackElo "991"]
[PlyCount "99"]
[EventDate "2022.??.??"]
[EventType "tourn (rapid)"]
[EventRounds "6"]
[SourceTitle "Corr 2024"]
[Source "ChessBase"]
[SourceDate "2023.10.19"]
[SourceVersion "1"]
[SourceVersionDate "2023.10.19"]
[SourceQuality "1"]

1. d4 d5 2. c4 dxc4 3. e4 e5 4. d5 Nf6 5. Nc3 Bc5 6. f3 Nbd7 7. Bxc4 0-0 8. Nge2 Nb6 9. Bb3 Re8 10. Qd3 c6 11. Be3 Bxe3 12. Qxe3 cxd5 13. exd5 Nbxd5 14. Nxd5 Nxd5 15. Bxd5 Qxd5 16. b3 b5 17. Rd1 Qc6 18. 0-0 Qc2 19. Ng3 Ba6 20. Rfe1 Rad8 21. Rxd8 Rxd8 22. Qxe5 h6 23. Nf5 f6 24. Qe6+ Kh8 25. Qe7 Rg8 26. Nd6 Kh7 27. Qxa7 Qxa2 28. Nxb5 Rd8 29. Nc7 Rd2 30. Nxa6 Qxb3 31. Qe3 Qxe3+ 32. Rxe3 Rc2 33. Nb4 Rc1+ 34. Kf2 Kg6 35. Nd3 Rc2+ 36. Kg3 h5 37. Nf4+ Kg5 38. Re7 h4+ 39. Kh3 Kxf4 40. Rxg7 f5 41. Rh7 Ke3 42. Rxh4 Kf2 43. Rf4 Rc5 44. g4 fxg4+ 45. Rxg4 Kxf3 46. Rg3+ Kf4 47. Rg4+ Kf3 48. Rg3+ Kf4 49. Rg4+ Kf3 50. Rg3+ 1/2-1/2

[Event "FICGS class F 000199 email"]
[Site "FICGS email"]
[Date "2018.04.04"]
[Round "1"]
[White "Goldmund, Heike"]
[Black "Jerez, Miriam"]
[Result "1-0"]
[WhiteElo "1092"]
[BlackElo "987"]
[PlyCount "69"]
[EventDate "2018.??.??"]
[EventType "tourn (corr)"]
[EventRounds "5"]
[SourceTitle "Corr 2022"]
[Source "ChessBase"]
[SourceDate "2021.10.24"]
[SourceVersion "1"]
[SourceVersionDate "2021.10.24"]
[SourceQuality "1"]

1. b4 c6 2. Bb2 d5 3. Nf3 Nf6 4. e3 Nbd7 5. c4 dxc4 6. Bxc4 h6 7. 0-0 b5 8. Bb3 e6 9. a3 Rg8 10. Qc2 Bb7 11. d3 Nd5 12. Nbd2 Bd6 13. Ne4 g5 14. Nxd6+ Kf8 15. Nxb7 Qb6 16. Nd6 c5 17. bxc5 Nxc5 18. Ba2 Qxd6 19. Rfc1 Rc8 20. d4 Kg7 21. dxc5+ f6 22. cxd6 Rxc2 23. Rxc2 Rd8 24. Rc6 Kg6 25. Bb1+ f5 26. Ne5+ Kf6 27. Ng4+ Kf7 28. Ne5+ Kf8 29. d7 Ke7 30. Ba2 g4 31. Bxd5 exd5 32. Rac1 h5 33. Rc7 Ke6 34. R1c6+ Ke7 35. Ng6+ 1-0

[Event "FICGS class F 000199 email"]
[Site "FICGS email"]
[Date "2018.04.04"]
[Round "1"]
[White "Gonet, Gerard"]
[Black "Jerez, Miriam"]
[Result "1-0"]
[WhiteElo "1184"]
[BlackElo "987"]
[PlyCount "71"]
[EventDate "2018.??.??"]
[EventType "tourn (corr)"]
[EventRounds "5"]
[SourceTitle "Corr 2022"]
[Source "ChessBase"]
[SourceDate "2021.10.24"]
[SourceVersion "1"]
[SourceVersionDate "2021.10.24"]
[SourceQuality "1"]

1. d4 d5 2. e4 dxe4 3. Nc3 Nf6 4. f3 exf3 5. Qxf3 c6 6. h3 Qxd4 7. Be3 Qe5 8. 0-0-0 e6 9. Qf2 Ne4 10. Nxe4 Qxe4 11. Rd4 Qg6 12. Nf3 Bc5 13. Rd3 0-0 14. Bxc5 Re8 15. Ne5 Qg5+ 16. Qe3 Qxe3+ 17. Bxe3 b6 18. Be2 c5 19. Bf3 Ba6 20. Ra3 Nc6 21. Bxc6 Be2 22. Bxe8 Rxe8 23. Rxa7 f6 24. Nd7 e5 25. Nxb6 e4 26. Bxc5 e3 27. Re1 Bh5 28. Rxe3 Rd8 29. b4 h6 30. Ree7 Rd1+ 31. Kb2 Kh7 32. Rxg7+ Kh8 33. Rh7+ Kg8 34. Rhc7 Be8 35. Rg7+ Kh8 36. Rh7+ 1-0

[Event "FICGS class F 000199 email"]
[Site "FICGS email"]
[Date "2018.04.04"]
[Round "1"]
[White "Jerez, Miriam"]
[Black "Tkac, Patrik"]
[Result "1-0"]
[WhiteElo "987"]
[BlackElo "1200"]
[PlyCount "21"]
[EventDate "2018.??.??"]
[EventType "tourn (corr)"]
[EventRounds "5"]
[SourceTitle "Corr 2022"]
[Source "ChessBase"]
[SourceDate "2021.10.24"]
[SourceVersion "1"]
[SourceVersionDate "2021.10.24"]
[SourceQuality "1"]

1. e4 e5 2. Nf3 f6 3. Nc3 Bc5 4. Bc4 g5 5. d4 Bf8 6. 0-0 Bd6 7. h3 Ne7 8. d5 Na6 9. Re1 Nb4 10. a3 b6 11. axb4 1-0

[Event "FICGS class F 000176 email"]
[Site "FICGS email"]
[Date "2016.03.27"]
[Round "1"]
[White "Goldmund, Heike"]
[Black "Jerez, Miriam"]
[Result "1-0"]
[WhiteElo "1143"]
[BlackElo "1015"]
[PlyCount "109"]
[EventDate "2016.??.??"]
[EventType "tourn (corr)"]
[EventRounds "5"]
[SourceTitle "Corr 2022"]
[Source "ChessBase"]
[SourceDate "2021.10.24"]
[SourceVersion "1"]
[SourceVersionDate "2021.10.24"]
[SourceQuality "1"]

1. e4 e5 2. Nf3 Nc6 3. Bc4 Nf6 4. d3 Bc5 5. 0-0 0-0 6. c3 d5 7. exd5 Nxd5 8. Bxd5 Qxd5 9. b4 Bd6 10. Re1 Bg4 11. Qe2 Rfe8 12. Nbd2 b5 13. Qe4 Qxe4 14. Rxe4 Bh5 15. Bb2 h6 16. Rae1 Ne7 17. Nxe5 Nd5 18. Ndf3 Rad8 19. a3 Rd7 20. Nxd7 Rxe4 21. dxe4 Nf4 22. Nd4 Nd3 23. Rb1 Bg6 24. f3 Nf4 25. g3 Nh3+ 26. Kg2 Ng5 27. Nc6 a6 28. Nde5 Bh7 29. c4 Nxe4 30. fxe4 Bxe4+ 31. Kf2 Bxb1 32. c5 Bxe5 33. Bxe5 Be4 34. Nd4 f6 35. Bxc7 Kf7 36. Ke3 f5 37. Bd6 g6 38. Kf4 g5+ 39. Ke5 Kg6 40. c6 Kf7 41. c7 Bb7 42. Nxf5 Ke8 43. Nxh6 Bc8 44. Nf5 Kd7 45. Kd5 Bb7+ 46. Kc5 Ke6 47. Nd4+ Kd7 48. Kb6 Kc8 49. Ne6 g4 50. Nd8 Bd5 51. Kxa6 Kd7 52. Kxb5 Kc8 53. Kb6 Kd7 54. Kc5 Ba8 55. b5 1-0

[Event "FICGS class F 000176 email"]
[Site "FICGS email"]
[Date "2016.03.27"]
[Round "1"]
[White "Jerez, Miriam"]
[Black "Bromo, Alexis"]
[Result "1-0"]
[WhiteElo "1015"]
[BlackElo "1088"]
[PlyCount "59"]
[EventDate "2016.??.??"]
[EventType "tourn (corr)"]
[EventRounds "5"]
[SourceTitle "Corr 2022"]
[Source "ChessBase"]
[SourceDate "2021.10.24"]
[SourceVersion "1"]
[SourceVersionDate "2021.10.24"]
[SourceQuality "1"]

1. e4 e5 2. Nf3 Nc6 3. Nc3 a6 4. d4 d6 5. d5 Na7 6. Bc4 h6 7. 0-0 Nf6 8. b4 b5 9. Bb3 c5 10. bxc5 dxc5 11. Nxe5 b4 12. Ne2 Nxe4 13. Nf4 Bd6 14. Re1 Bf5 15. Bb2 Bxe5 16. Bxe5 0-0 17. Nh5 f6 18. d6+ Kh7 19. Qd3 fxe5 20. Bc4 Nxd6 21. Qg3 g5 22. Bd5 Rb8 23. Qxe5 Qd7 24. Nf6+ Rxf6 25. Qxf6 Nac8 26. Be6 Bxe6 27. Rxe6 Rb6 28. Qxh6+ Kg8 29. Qxg5+ Kf8 30. Qh6+ 1-0

[Event "FICGS class F 000176 email"]
[Site "FICGS email"]
[Date "2016.03.27"]
[Round "1"]
[White "Strohmeier, Josef"]
[Black "Jerez, Miriam"]
[Result "1-0"]
[WhiteElo "1333"]
[BlackElo "1015"]
[PlyCount "71"]
[EventDate "2016.??.??"]
[EventType "tourn (corr)"]
[EventRounds "5"]
[SourceTitle "Corr 2022"]
[Source "ChessBase"]
[SourceDate "2021.10.24"]
[SourceVersion "1"]
[SourceVersionDate "2021.10.24"]
[SourceQuality "1"]

1. e4 d5 2. exd5 Qxd5 3. Nc3 Qd8 4. d4 Nf6 5. Nf3 g6 6. Be2 Bg7 7. 0-0 0-0 8. h3 Nc6 9. Be3 b6 10. Qd2 Bb7 11. Rad1 e6 12. Bh6 a5 13. Bxg7 Kxg7 14. Qf4 Nb4 15. Rd2 Re8 16. a3 Nc6 17. Rfd1 Ne7 18. Ne5 Ra7 19. Bf3 Nf5 20. Bxb7 Rxb7 21. Ne4 Nd5 22. Qf3 c6 23. Nxc6 Nxd4 24. Rxd4 Qc7 25. c4 Qxc6 26. cxd5 exd5 27. Rxd5 Rbe7 28. Nc3 Re1+ 29. Kh2 Qc7+ 30. g3 h5 31. Rxe1 Rxe1 32. Rg5 h4 33. Nd5 Qc1 34. Rg4 g5 35. Qf6+ Kf8 36. Qh8# 1-0

[Event "FICGS class F 000174 email"]
[Site "FICGS email"]
[Date "2016.02.17"]
[Round "1"]
[White "Jerez, Miriam"]
[Black "Hilbert, Stephan"]
[Result "0-1"]
[WhiteElo "1064"]
[BlackElo "1303"]
[PlyCount "74"]
[EventDate "2016.??.??"]
[EventType "tourn (corr)"]
[EventRounds "5"]
[SourceTitle "Corr 2022"]
[Source "ChessBase"]
[SourceDate "2021.10.24"]
[SourceVersion "1"]
[SourceVersionDate "2021.10.24"]
[SourceQuality "1"]

1. e4 d5 2. Qf3 dxe4 3. Qxe4 Nf6 4. Qe2 c6 5. Nf3 Bf5 6. d3 e6 7. Nc3 Bd6 8. g3 0-0 9. Bg2 Nbd7 10. 0-0 Qc7 11. a4 Nd5 12. Nxd5 cxd5 13. b3 Rac8 14. Nd4 Bg6 15. Nb5 Qb8 16. Bb2 Be5 17. Bxe5 Qxe5 18. Qxe5 Nxe5 19. Nxa7 Rc7 20. Nb5 Rxc2 21. d4 Ng4 22. Nd6 Bd3 23. Rfc1 Rb2 24. h3 Nxf2 25. Rc3 Bg6 26. Rac1 Ne4 27. Rc8 Nxd6 28. R8c3 Ne4 29. Rc8 Nxg3 30. Kh2 Nh5 31. R1c3 Nf4 32. Kh1 Rxg2 33. b4 Be4 34. Rxf8+ Kxf8 35. Rc8+ Ke7 36. Rc7+ Kf6 37. Rxb7 Rf2+ 0-1

[Event "FICGS rapid E 000169 email"]
[Site "FICGS email"]
[Date "2016.02.15"]
[Round "1"]
[White "Jerez, Miriam"]
[Black "Hilbert, Stephan"]
[Result "0-1"]
[WhiteElo "1064"]
[BlackElo "1303"]
[PlyCount "90"]
[EventDate "2016.??.??"]
[EventType "tourn (rapid)"]
[EventRounds "6"]
[SourceTitle "Corr 2022"]
[Source "ChessBase"]
[SourceDate "2021.10.24"]
[SourceVersion "1"]
[SourceVersionDate "2021.10.24"]
[SourceQuality "1"]

1. e4 d5 2. e5 Bf5 3. d4 e6 4. Nf3 c5 5. c4 Nc6 6. g3 cxd4 7. Nxd4 Nxd4 8. Qxd4 Qa5+ 9. Nc3 0-0-0 10. cxd5 Rxd5 11. Qc4+ Rc5 12. Qa4 Rxe5+ 13. Be2 Qxa4 14. Nxa4 Bg4 15. Nc3 Bb4 16. Be3 Bh3 17. 0-0-0 Nf6 18. Nb5 Bc5 19. Kb1 a6 20. Bxc5 Rxc5 21. Nd6+ Kc7 22. Nxf7 Rf8 23. Rc1 Rxc1+ 24. Rxc1+ Kb6 25. Nd6 e5 26. Nc4+ Ka7 27. Nd6 Rd8 28. Nc4 Bf5+ 29. Ka1 Nd5 30. Nxe5 Nb4 31. a3 Nc2+ 32. Ka2 Re8 33. f4 g5 34. Nd7 Rxe2 35. Nc5 gxf4 36. gxf4 Rxh2 37. Kb3 Nd4+ 38. Kc4 Rc2+ 39. Rxc2 Nxc2 40. Kd5 Ne3+ 41. Kd4 Nd1 42. b3 Nf2 43. Ke5 Bc2 44. Kf6 h5 45. b4 h4 0-1

[Event "FICGS class F 000152 email"]
[Site "FICGS email"]
[Date "2014.08.31"]
[Round "1"]
[White "Gonet, Gerard"]
[Black "Jerez, Miriam"]
[Result "1-0"]
[WhiteElo "1153"]
[BlackElo "1057"]
[PlyCount "43"]
[EventDate "2014.??.??"]
[EventType "tourn (corr)"]
[EventRounds "5"]
[SourceTitle "Corr 2022"]
[Source "ChessBase"]
[SourceDate "2021.10.24"]
[SourceVersion "1"]
[SourceVersionDate "2021.10.24"]
[SourceQuality "1"]

1. d4 d5 2. e4 dxe4 3. Nc3 Nf6 4. f3 exf3 5. Qxf3 e6 6. Bf4 Nc6 7. 0-0-0 Nxd4 8. Qf2 Bc5 9. Qh4 Bd7 10. Nge2 Nxe2+ 11. Bxe2 0-0 12. g4 Ne4 13. Qxd8 Raxd8 14. Nxe4 Bb6 15. h4 Bc6 16. Ng3 h6 17. g5 Bxh1 18. Rxh1 hxg5 19. hxg5 g6 20. Ne4 a5 21. Nf6+ Kg7 22. Rh7# 1-0

[Event "FICGS class F 000152 email"]
[Site "FICGS email"]
[Date "2014.08.31"]
[Round "1"]
[White "Jerez, Miriam"]
[Black "Neil, Charles"]
[Result "1-0"]
[WhiteElo "1057"]
[BlackElo "1104"]
[PlyCount "63"]
[EventDate "2014.??.??"]
[EventType "tourn (corr)"]
[EventRounds "5"]
[SourceTitle "Corr 2022"]
[Source "ChessBase"]
[SourceDate "2021.10.24"]
[SourceVersion "1"]
[SourceVersionDate "2021.10.24"]
[SourceQuality "1"]

1. e4 c5 2. c4 Nc6 3. Nf3 Nf6 4. Nc3 e5 5. g3 d6 6. Bg2 Bg4 7. h3 Be6 8. b3 Be7 9. 0-0 0-0 10. Nd5 Qd7 11. d3 Bxh3 12. Ng5 Bxg2 13. Kxg2 Nd4 14. Rh1 h6 15. Nf3 Nxf3 16. Kxf3 Qg4+ 17. Kg2 b6 18. Qxg4 Nxg4 19. Nxe7+ Kh7 20. Kf3 Nf6 21. Nf5 Rad8 22. a4 Ng8 23. g4 Rfe8 24. g5 Kg6 25. gxh6 Nxh6 26. Nxh6 gxh6 27. Rxh6+ Kg7 28. Bg5 Rh8 29. Rah1 Rhg8 30. Bxd8 Rxd8 31. Rh7+ Kf6 32. Rh8 1-0

[Event "FICGS class F 000152 email"]
[Site "FICGS email"]
[Date "2014.08.31"]
[Round "1"]
[White "Kehayov, Yulian"]
[Black "Jerez, Miriam"]
[Result "1/2-1/2"]
[WhiteElo "766"]
[BlackElo "1057"]
[PlyCount "22"]
[EventDate "2014.??.??"]
[EventType "tourn (corr)"]
[EventRounds "5"]
[SourceTitle "Corr 2022"]
[Source "ChessBase"]
[SourceDate "2021.10.24"]
[SourceVersion "1"]
[SourceVersionDate "2021.10.24"]
[SourceQuality "1"]

1. e4 Nc6 2. Nf3 e5 3. d4 exd4 4. Nxd4 Nf6 5. Nxc6 dxc6 6. Qxd8+ Kxd8 7. Bc4 Be6 8. Bxe6 fxe6 9. Nc3 Bb4 10. Bd2 Bxc3 11. Bxc3 Ke7 1/2-1/2

[Event "FICGS class F 000146 email"]
[Site "FICGS email"]
[Date "2014.04.19"]
[Round "1"]
[White "Bromo, Alexis"]
[Black "Jerez, Miriam"]
[Result "0-1"]
[WhiteElo "1147"]
[BlackElo "1067"]
[PlyCount "96"]
[EventDate "2014.??.??"]
[EventType "tourn (corr)"]
[EventRounds "5"]
[SourceTitle "Corr 2022"]
[Source "ChessBase"]
[SourceDate "2021.10.24"]
[SourceVersion "1"]
[SourceVersionDate "2021.10.24"]
[SourceQuality "1"]

1. d4 Nf6 2. c4 Nc6 3. Nf3 d6 4. h3 e5 5. d5 e4 6. Nd4 Nxd4 7. Qxd4 g6 8. Bg5 Bg7 9. Bxf6 Bxf6 10. Qxe4+ Be7 11. Nc3 0-0 12. e3 b6 13. Be2 Bb7 14. 0-0 Re8 15. Qf3 f6 16. e4 a5 17. Bd3 c5 18. Rfe1 Rf8 19. Ne2 Bc8 20. Ng3 a4 21. a3 Bd7 22. Bc2 Rb8 23. h4 Kh8 24. h5 g5 25. Nf5 Rg8 26. Nh6 Rf8 27. Nf5 Be8 28. g4 b5 29. Bd3 b4 30. Kg2 bxa3 31. bxa3 Rb2 32. Reb1 Rxb1 33. Rxb1 Qa5 34. Nxe7 Rf7 35. h6 Qc3 36. Rb8 Rxe7 37. e5 Qxe5 38. Bf5 Kg8 39. Be6+ Kf8 40. Bf5 Kf7 41. Bxh7 Bd7 42. Bg8+ Kg6 43. Qh3 Qe4+ 44. f3 Qe2+ 45. Kg3 Qe1+ 46. Kg2 Qe2+ 47. Kg3 Qe1+ 48. Kg2 Re2# 0-1

[Event "FICGS rapid E 000114 email"]
[Site "FICGS email"]
[Date "2013.09.30"]
[Round "1"]
[White "Jerez, Miriam"]
[Black "Martinez Camacho, Victor Hugo"]
[Result "0-1"]
[WhiteElo "1092"]
[BlackElo "1253"]
[PlyCount "72"]
[EventDate "2013.??.??"]
[EventType "tourn (rapid)"]
[EventRounds "6"]
[SourceTitle "Corr 2022"]
[Source "ChessBase"]
[SourceDate "2021.10.24"]
[SourceVersion "1"]
[SourceVersionDate "2021.10.24"]
[SourceQuality "1"]

1. d4 Nf6 2. Nc3 e6 3. e4 d6 4. Nf3 Be7 5. g3 c5 6. dxc5 dxc5 7. Bb5+ Bd7 8. 0-0 Nc6 9. Re1 0-0 10. Bf4 a6 11. Ba4 b5 12. Bb3 c4 13. Bxc4 bxc4 14. e5 Nh5 15. Be3 g6 16. g4 Ng7 17. b3 Qc7 18. bxc4 Rfd8 19. Rb1 Be8 20. Qe2 Bb4 21. Bd2 a5 22. Red1 Rd7 23. Nb5 Qd8 24. a3 Bf8 25. a4 Nb4 26. c3 Nc6 27. Bh6 Rxd1+ 28. Rxd1 Qe7 29. Bg5 Qc5 30. Nc7 Rc8 31. Nxe8 Rxe8 32. h3 Rb8 33. Kg2 Qa3 34. Qc2 Rb2 35. Qd3 Qc5 36. h4 Qxf2+ 0-1

[Event "FICGS rapid E 000114 email"]
[Site "FICGS email"]
[Date "2013.09.30"]
[Round "1"]
[White "Kehayov, Yulian"]
[Black "Jerez, Miriam"]
[Result "0-1"]
[WhiteElo "1051"]
[BlackElo "1092"]
[PlyCount "66"]
[EventDate "2013.??.??"]
[EventType "tourn (rapid)"]
[EventRounds "6"]
[SourceTitle "Corr 2022"]
[Source "ChessBase"]
[SourceDate "2021.10.24"]
[SourceVersion "1"]
[SourceVersionDate "2021.10.24"]
[SourceQuality "1"]

1. e4 e5 2. Nf3 Nc6 3. Be2 Nf6 4. d3 g6 5. 0-0 b6 6. d4 exd4 7. Nxd4 Nxd4 8. Qxd4 Bg7 9. e5 c5 10. Qc3 Nd5 11. Qf3 Bb7 12. Bc4 Bxe5 13. Bxd5 Bxd5 14. Qxd5 d6 15. Na3 0-0 16. Nc4 Re8 17. Nxe5 Rxe5 18. Qf3 a5 19. Bf4 Rf5 20. Qe3 d5 21. h3 Qe8 22. Qxe8+ Rxe8 23. Bd2 d4 24. Rae1 Rxe1 25. Rxe1 a4 26. c3 dxc3 27. Bxc3 b5 28. Re5 Rxe5 29. Bxe5 h5 30. Kh2 Kh7 31. Kg3 Kg8 32. b3 axb3 33. axb3 Kf8 0-1